| 000 | 00334nam a22001337a 4500 | ||
|---|---|---|---|
| 008 | 250320b |||||||| |||| 00| 0 eng d | ||
| 020 | _a0020154402 | ||
| 050 |
_aPE128 _b.S54 |
||
| 100 | _aSHERTZER Margaret | ||
| 245 | _aThe Element of Grammar | ||
| 260 |
_aLondon _bCollier Macmillan Publishers _c1986 |
||
| 300 | _a168p. | ||
| 942 | _cBK | ||
| 999 |
_c2518 _d2518 |
||